Einladung zur Literaturwissenschaft

Αποθηκεύτηκε σε:
Λεπτομέρειες βιβλιογραφικής εγγραφής
Κύριος συγγραφέας: Vogt, Jochen
Μορφή: Βιβλίο
Γλώσσα:German
Δημοσίευση: Munchen : Wilhelm Fink, 1999
Σειρά:Studienbucher Literatur und Medien
Θέματα:
Ετικέτες: Προσθήκη ετικέτας
Δεν υπάρχουν, Καταχωρήστε ετικέτα πρώτοι!

MARC

LEADER 00000cam a2200000 i 4500
001 1/21280
008 010918s1999 ger d
020 |a 3-8252-2072-9 
035 |l 10067267 
040 |a GR-MY-UA  |b gre  |e aacr 
041 0 |a ger 
082 0 |a 809 
100 1 |a Vogt, Jochen. 
245 1 0 |a Einladung zur Literaturwissenschaft /  |c Jochen Vogt 
260 |a Munchen :   |b Wilhelm Fink,   |c 1999 
300 |a 264 p. 
490 1 |a Studienbucher Literatur und Medien 
650 0 0 |a Literature  |x History and criticism. 
830 0 |a Studienbucher Literatur und Medien 
852 |a INST  |b RHODES  |e 20010918  |h 809 VOG  |p 005400016865  |q 005400016865  |t BK  |y 0 
901 |a BIBL4-2001-3 
909 |a Ρ  |b 085086 
970 |a ΚΟΥΛΑΚΙΟΤΗ  |b ΛΙΤΣΑ  |z 2001/09/18